Managing human resources / (Record no. 17289)
[ view plain ]
| 000 -LEADER | |
|---|---|
| fixed length control field | 00586nam a22002057a 4500 |
| 003 - CONTROL NUMBER IDENTIFIER | |
| control field | MUT |
| 005 - DATE AND TIME OF LATEST TRANSACTION | |
| control field | 20240606081413.0 |
| 008 - FIXED-LENGTH DATA ELEMENTS--GENERAL INFORMATION | |
| fixed length control field | 180705b xxu||||| |||| 00| 0 eng d |
| 020 ## - INTERNATIONAL STANDARD BOOK NUMBER | |
| International Standard Book Number | 9780176407292 |
| 040 ## - CATALOGING SOURCE | |
| Transcribing agency | MUT |
| 050 ## - LIBRARY OF CONGRESS CALL NUMBER | |
| Classification number | HF 5549 |
| Item number | .B33 2008 |
| 100 ## - MAIN ENTRY--PERSONAL NAME | |
| Personal name | Belcourt, Monica. |
| 245 ## - TITLE STATEMENT | |
| Title | Managing human resources / |
| 250 ## - EDITION STATEMENT | |
| Edition statement | 5th Canadian ed. |
| 260 ## - PUBLICATION, DISTRIBUTION, ETC. | |
| Place of publication, distribution, etc. | Australia : |
| Name of publisher, distributor, etc. | Thomson Nelson, |
| Date of publication, distribution, etc. | c2008 |
| 650 ## - SUBJECT ADDED ENTRY--TOPICAL TERM | |
| Topical term or geographic name entry element | Personal management |
| Form subdivision | Textbooks. |
| 700 ## - ADDED ENTRY--PERSONAL NAME | |
| Personal name | Bohlander, George. |
| 700 ## - ADDED ENTRY--PERSONAL NAME | |
| Personal name | Scott, Snell. |
| 942 ## - ADDED ENTRY ELEMENTS (KOHA) | |
| Source of classification or shelving scheme | Library of Congress Classification |
| Koha item type | Books |
| Withdrawn status | Lost status | Source of classification or shelving scheme | Damaged status | Not for loan | Home library | Current library | Shelving location | Date acquired | Source of acquisition | Total checkouts | Full call number | Barcode | Date last seen | Price effective from | Koha item type |
|---|---|---|---|---|---|---|---|---|---|---|---|---|---|---|---|
| Library of Congress Classification | Murang'a University of Technology Library | Murang'a University of Technology Library | General stacks | 05/07/2018 | Donation from-TFC | HF 5549 .B33 2008 | 022849 | 30/08/2024 | 05/07/2018 | Books | |||||
| Library of Congress Classification | Murang'a University of Technology Library | Murang'a University of Technology Library | General stacks | 06/07/2018 | Donation from-TFC | HF 5549 .B33 2008 | 022544 | 30/08/2024 | 06/07/2018 | Books | |||||
| Library of Congress Classification | Murang'a University of Technology Library | Murang'a University of Technology Library | 21/02/2022 | HF 5549 .B33 2007 | 029675 | 30/08/2024 | 21/02/2022 | Books | |||||||
| Library of Congress Classification | Murang'a University of Technology Library | Murang'a University of Technology Library | General stacks | 22/02/2022 | Donation- TFC | HF 5549 .B33 2008 | 029725 | 30/08/2024 | 22/02/2022 | Books |